Normal view
MARC view
Entry Personal Name
Used in 1 records
001 - CONTROL NUMBER
- control field: 11132
003 - CONTROL NUMBER IDENTIFIER
- control field: OSt
005 - DATE AND TIME OF LATEST TRANSACTION
- control field: 20161103144410.0
008 - FIXED-LENGTH DATA ELEMENTS
- fixed length control field: 161103|| aca||aabn | a|a d
040 ## - CATALOGING SOURCE
- Original cataloging agency: OSt
100 ## - HEADING--PERSONAL NAME
- Personal name: BOUR VUTHY; ប៊ួរ វុឌ្ឃី